000 01885nam a2200349 a 4500
001 ASIN0123747058
003 Nust- CAS-E0
005 20180118181401.0
008 140821s2009 xxu eng d
020 _a0123747058
_c$149.00
020 _a9780123747051
040 _c0
082 _a333
_bREN 2009
100 1 _a(Sorensen), Bent Sorensen.
245 1 0 _aRenewable energy focus handbook /
_cBent Sorensen (Sorensen), Paul Breeze, Truman Storvick, Shang-Tian Yang, Aldo V. da Rosa, Harsh K. Gupta, Roy Sukanta, Mukesh Doble, Preben Maegaard, Gianfranco Pistoia, Soteris Kalogirou.
250 _a1st ed.
260 _a[S.l.] :
_bAcademic Press,
_c2009.
300 _a528 p. ;
_c28 cm.
520 _aA one-stop desk reference, for engineers involved in renewable energies, this book will not gather dust on the shelf. It brings together the essential professional reference content from leading international contributors in the field. The full range of renewable energies are explored, including solar, wind, geothermal and bioenergy. * A hard-working desk reference, providing all the essential material needed by energy and environmental engineers on a day-to-day basis * Fundamentals, key techniques, engineering best practice and rules-of-thumb together in one quick-reference sourcebook * Definitive content by the leading authors in the field, including Bent Sorensen, Paul Breeze, Galen Suppes and Truman Storvick.
700 1 _aBreeze, Paul.
700 1 _aStorvick, Truman.
700 1 _aYang, Shang-Tian.
700 1 _aRosa, Aldo V. da.
700 1 _aGupta, Harsh K.
700 1 _aSukanta, Roy.
700 1 _aDoble, Mukesh.
700 1 _aMaegaard, Preben.
700 1 _aPistoia, Gianfranco.
700 1 _aKalogirou, Soteris.
856 4 0 _3Amazon.com
_uhttp://www.amazon.com/exec/obidos/ASIN/0123747058/chopaconline-20
942 _2ddc
_cBK
999 _c355435
_d355435